| 000 | 00976nam a22003137a 4500 | ||
|---|---|---|---|
| 001 | 0027071 | ||
| 003 | KOHA_MİRAKIL | ||
| 005 | 20260207002547.0 | ||
| 007 | ta | ||
| 008 | 110121b2004 tu a|||gr||||#||||0|tur | | ||
| 020 | _c0,01 | ||
| 040 |
_aTR-BiSEU _btur _cTR-BiSEU _erda |
||
| 041 | 0 | _atur | |
| 044 | _ctu | ||
| 050 |
_aHG1206.5 _b.K37 2004 |
||
| 100 | 1 | _aKaracabey, Argun. | |
| 245 | 1 |
_aDüşen enflasyon ortamında yaşamak/ _cArgun Karacabey ; Argun Karacabey. |
|
| 264 | 1 |
_aAnkara : _bAnkara Sanayi Odası _c2004 |
|
| 300 |
_a101 sayfa : _btbl. ; _c24 cm. |
||
| 336 |
_ametin _btxt _2rdacontent |
||
| 337 |
_aaracısız _bn _2rdamedia |
||
| 338 |
_acilt _bnc _2rdacarrier |
||
| 490 | 1 |
_aAnkara Sanayi Odası yayını ; _vyayın no: 53 |
|
| 500 | _aKaynakça var. | ||
| 650 | 0 |
_aInflation (finance)--Turkey. _98952 |
|
| 650 | 0 |
_aEnflasyon (finans)--Türkiye. _98955 |
|
| 830 | 1 |
_aAnkara Sanayi Odası yayını ; _vyayın no: 53 _953669 |
|
| 942 |
_2lcc _cBK |
||
| 999 |
_c27005 _d27005 |
||